000 nam a22 7a 4500
999 _c8226
_d8226
008 171212b xxu||||| |||| 00| 0 eng d
100 _aNowack.J.C.
_94651
245 _aA Horse Called Saskatoor
260 _aUSA
_c2001